La leyenda de los colibríes de Nazca / (Record no. 9936)

000 -CABECERA
fixed length control field 00644nam a22002057a 4500
003 - IDENTIFICADOR DEL NÚMERO DE CONTROL
control field AR-CdUCM
008 - DATOS DE LONGITUD FIJA--INFORMACIÓN GENERAL
fixed length control field 190328b ||||| |||| 00| 0 spa d
020 ## - NÚMERO INTERNACIONAL ESTÁNDAR DEL LIBRO
ISBN 978-612-4055-25-6
040 ## - FUENTE DE LA CATALOGACIÓN
Agencia/entidad que catalogó originalmente la obra MUNICIPALIDAD PROVINCIAL DEL CUSCO
Entidad que transcribió la catalogación BIBLIOTECA MUNICIPAL DEL CUSCO
082 ## - NÚMERO DE LA CLASIFICACIÓN DECIMAL DEWEY
No. de Clasificación EP / 803 /
Notacion interna J31 / e.2
100 ## - ENTRADA PRINCIPAL--NOMBRE DE PERSONA
Nombre Personal Jeanneau, Marie Claire
245 ## - MENCIÓN DE TÍTULO
Título La leyenda de los colibríes de Nazca /
260 ## - PUBLICACIÓN, DISTRIBUCIÓN, ETC.
Lugar de publicación, distribución, etc. Perú :
Nombre de la editorial, distribuidor, etc. SM,
Fecha de publicación, distribución, etc. 2016.
300 ## - DESCRIPCIÓN FÍSICA
Nº de Páginas Extensión 31 páginas ;
Otros detalles físicos Ilustraciones.
Dimensiones 20 cm.
650 ## - PUNTO DE ACCESO ADICIONAL DE MATERIA--TÉRMINO DE MATERIA
Descriptor Literatura infantil
9 (RLIN) 588
650 ## - PUNTO DE ACCESO ADICIONAL DE MATERIA--TÉRMINO DE MATERIA
Descriptor Siglo XXI
9 (RLIN) 2856
700 ## - PUNTO DE ACCESO ADICIONAL--NOMBRE DE PERSONA
Nombre Personal Poli, Paola
9 (RLIN) 26488
942 ## - ELEMENTOS DE PUNTO DE ACCESO ADICIONAL (KOHA)
Fuente de clasificación
Tipo de item Libros-BMC
945 ## - PROCESAMIENTO DE INFORMACIÓN LOCAL (OCLC)
Catalogador pjha
AAAA-MM-DD - Fecha de ingreso o modificacion 2019-05-14
Holdings
Estado de retiro (separado) Fuente de clasificación o esquema de estanterías Estado dañado Ubicación Sala donde se ubica Nombre de la colección Fecha de adquisición o compra Costo, precio normal en soles Signatura topográfica Código de Barras Última vez visto (Koha) Tipo de ítem (Koha) Fuente de adquisición
No     Administrador-biblioteca Administrador-biblioteca Book Cart 2026-03-31   EP / 803 / J31 / ej.4 SI00005191 2026-03-31 Libros-BMC  
No     Sala de Infantes Sala de Infantes Children's Area 2019-03-28 30.00 EP / 803 / J31 SI00000233 2019-03-28 Libros-BMC  
No     Sala de Infantes Sala de Infantes Children's Area 2019-03-28 30.00 EP / 803 / J31 / e.2 SI00000234 2019-03-28 Libros-BMC  
No     Sala de Infantes Sala de Infantes Book Cart 2026-03-31 15.00 EP / 803 / J31 / e.3 SI00005190 2026-03-31 Libros-BMC Donación

Powered by Koha